Stadiony na Euro 2020 - Statystyki

Ogólne statystyki
  • Ten quiz został rozwiązany 13 razy
  • Średni wynik to 4 z 11
Statystyki odpowiedzi
miasto stadion % Poprawnych
Londyn Wembley
100%
Monachium Allianz Arena
82%
Rzym Stadio Olimpico
64%
Kopenhaga Parken
55%
Petersburg Gazprom Arena
36%
Glasgow Hampden Park
27%
Amsterdam Johan Cruijff Arena
27%
Budapeszt Puskas Arena
27%
Bukareszt Arena Nationala
9%
Baku Baki Olimpiya Stadionu
9%
Sewilla Estadio La Cartuja
9%
Nie znaleziono quizów pasujących do podanych kryteriów
Rozkład punktacji
Procent ludzi z każdym wynikiem
Percentyl według liczby udzielonych odpowiedzi
Twoja historia wyników
Nie rozwiązałeś tego quizu